000 00500nam a2200157 a 4500
001 000037733
005 20201002031116.0
008 130304s1991 sp a 000 0 spa d
020 _a8445302663
040 _aDO-SdBNP
_bspa
_cBNPHU
100 1 _aFraga Iribarne, Manuel
_962964
245 1 0 _aÁlvaro cunqueiro :
_bdos discursos /
_cManuel Fraga Iribarne.
260 _aSantiago de Compostela, España :
_bXunta de Galicia ,
_c1991.
300 _a58 p. :
_bil. ;
_c25 cm.
590 _aInventariado, 2019/VM
999 _c37223
_d37223